Top Scoring NBA Players By Race - Statistics

General Stats
  • This quiz has been taken 26 times
  • The average score is 14 of 30
Answer Stats
race overall Answer % Correct
Black #1 1st LeBron James
100%
Black #6 6th Michael Jordan
100%
White #4 40th Larry Bird
95%
Black #2 2nd Kareem Abdul-Jabbar
90%
Black #4 4th Kobe Bryant
85%
Black #5 5th Kevin Durant
80%
White #1 7th Dirk Nowitzki
75%
Black #3 3rd Karl Malone
75%
Black #8 9th James Harden
70%
White #2 22nd John Havlicek
65%
Black #9 10th Shaquille O'Neal
65%
Black #7 8th Wilt Chamberlain
65%
Black #10 11th Carmelo Anthony
60%
Hispanic #1 11th Carmelo Anthony
60%
White #3 27th Jerry West
60%
White #8 53rd John Stockton
45%
White #5 44th Pau Gasol
45%
Hispanic #2 44th Pau Gasol
45%
Hispanic #6 163rd Al Horford
35%
White #6 45th Bob Pettit
25%
Hispanic #3 82nd Brook Lopez
20%
White #10 77th Rick Barry
20%
White #9 75th Dolph Schayes
10%
Hispanic #5 123rd Karl-Anthony Towns
10%
Hispanic #8 359th Nene
10%
White #7 51st Tom Chambers
10%
Hispanic #10 590th Jose Calderon
5%
Hispanic #9 492nd Luis Scola
5%
Hispanic #4 95th Rolando Blackman
5%
Hispanic #7 201st Manu Ginobli
0%
No matching quizzes found
Score Distribution
Percent of People with Each Score
Percentile by Number Answered
Your Score History
You have not taken this quiz